| 000 | 02739nab a2200253 ab4500 | ||
|---|---|---|---|
| 005 | 20260519150507.0 | ||
| 008 | 260519c2025 mx|fr|n|o|||| 00| 0 spa d | ||
| 040 |
_aMX-MxUPN _bspa _cMX-MxUPN _eaacr2 |
||
| 100 | 1 |
_aCastro Luna, Edgar Jarib _959594 |
|
| 100 | 1 |
_aTapia Martínez, José René _959595 |
|
| 100 | 1 |
_aEspinosa Sánchez, Diana María _959596 |
|
| 100 | 1 |
_aRíos Zavala, Aida del Carmen _959597 |
|
| 100 | 1 |
_aRodríguez Vela, Brenda Rocío _959598 |
|
| 245 | 1 |
_aDiálogos educativos : _bconstruyendo puentes entre escuelas normales _h[recurso electrónico en línea] |
|
| 506 | 0 | _aAcceso abierto | |
| 520 | 3 | _aLas escuelas formadoras de docentes, son las instituciones encargadas de atender los retos educativos del siglo XXI, enfrentando la necesidad de implementar estrategias innovadoras que promuevan el desarrollo de competencias clave como la comunicación efectiva, el pensamiento crítico y el trabajo en equipo. El principal objetivo de esta investigación es describir las habilidades comunicativas, el pensamiento crítico y la colaboración de los estudiantes de dos escuelas formadoras de docentes en las licenciaturas de Educación Preescolar y Educación Primaria, en el contexto de los retos y oportunidades que enfrentan en su formación profesional. Metodología: Tipo de investigación cuantitativa, descriptiva y transversal; donde participaron 101 sujetos pertenecientes al Centro de Actualización del Magisterio (CAM) y la Benemérita y Centenaria Escuela Normal del Estado de Durango (ByCENED), de entre 21 y 25 años de edad, donde los factores de exclusión fueron, el encontrarse en intercambio académico o incapacidad, así como el no aceptar participar en las actividades de evaluación. Los resultados recopilados incluyen percepciones positivas sobre la relevancia de las actividades, aunque estos valores son positivos, reflejan un margen de mejora en la estructuración de dinámicas más diversas y desafiantes para maximizar el impacto. También nos sugieren el poder trabajar más en conectar los aprendizajes generados con estrategias prácticas que puedan implementarse directamente en las aulas. Concluyendo que la Tertulia Internormalista representa un modelo replicable y escalable que puede contribuir significativamente a la calidad de la educación y al desarrollo profesional de los futuros maestros. | |
| 650 | 4 |
_aFormación docente _955770 |
|
| 650 | 4 |
_aAprendizaje en equipo (Educación) _913722 |
|
| 653 | _aComunidades de aprendizaje | ||
| 773 |
_gVol. 16, no. 25 (2025), p. 33-39 _tInvestigación educativa duranguense _x2007-039X |
||
| 856 | 4 | _uhttps://editorialupd.mx/revistas/index.php/ined/article/view/239 | |
| 902 | _aGloria Jiménez/190526 | ||
| 942 | _cART-E | ||
| 999 |
_c215148 _d215148 |
||